000 00556nam a2200145Ia 4500
008 151213s9999 xx 000 0 und d
100 _aঅনুবাদক: আব্দুল হাই।
245 _aভেবিসে মৃত্যু।
_cঅনুবাদক: আব্দুল হাই।
260 _aঢাকা
_bশিল্পতরু প্রকাশনী।
_c2003
300 _a8754 p.
650 _aBangla
650 _aউপন্যাস
700 _aঅনুবাদক: আব্দুল হাই।
999 _c4539
_d4539